| 000 | 01070nmm a2200313 a 4500 | ||
|---|---|---|---|
| 001 | ocm0002146422 | ||
| 003 | TR-IsHL | ||
| 005 | 20201028182634.0 | ||
| 008 | 190205s2015 tu tur | ||
| 007 | cr cn | ||
| 020 | _a9789757950547 | ||
| 035 |
_a2146422 _b(N$T) |
||
| 050 | 0 | 4 |
_aDF901.E3 _bA75 2015 |
| 090 | 0 | 4 |
_aDF901.E3 _bA75 2015 |
| 100 | 1 | _aAslıyüce, Erdoğan | |
| 245 | 1 | 0 |
_aAdalar denizi'nden Anadolu'ya _h[electronic resource] / _cErdoğan Aslıyüce ; editör Ahmet Erdoğan Aslıyüce |
| 260 |
_aİstanbul : _bYesevi Yayıncılık, _c2015 |
||
| 300 | _a314 p. | ||
| 500 | _aDizin var | ||
| 650 | 4 | _aGenel Çalışmalar | |
| 650 | 4 | _aGeneral Works | |
| 650 | 0 | _aEge Adaları (Yunanistan ve Türkiye) | |
| 650 | 0 | _aAegean Islands (Greece and Turkey) | |
| 650 | 0 |
_aAdalar _x Türkiye |
|
| 650 | 0 |
_aIsland _x Turkey |
|
| 650 | 7 |
_aHISTORY / Middle East / Turkey & Ottoman Empire _2bisacsh |
|
| 700 | 1 | _aAslıyüce, Ahmet Erdoğan | |
| 856 | 4 | 0 | _uhttp://search.ebscohost.com/login.aspx?direct=true&scope=site&db=e011xww&AN=2146422 |
| 999 |
_c20163 _d20163 |
||